[Event "Alicante op 4th"]
[Site "Alicante"]
[Date "2024.06.01"]
[Round "4"]
[White "Lacrosse, Marc"]
[Black "Gaitan Galstyan, Narek"]
[Result "1/2-1/2"]
[WhiteElo "2103"]
[BlackElo "1810"]
[PlyCount "37"]
[EventDate "2024.05.31"]
[EventType "swiss"]
[EventRounds "7"]
[EventCountry "ESP"]
[SourceTitle "CB24_2024"]
[SourceDate "2024.06.12"]
[SourceVersion "1"]
[SourceVersionDate "2024.06.12"]
[SourceQuality "1"]

1. d4 Nf6 2. c4 e6 3. Nf3 d5 4. Nc3 Be7 5. Bg5 0-0 6. e3 b6 7. Be2 Bb7 8. Bxf6 Bxf6 9. cxd5 exd5 10. b4 Be7 11. Qb3 Nd7 12. 0-0 Nf6 13. Rac1 a6 14. Rc2 Bd6 15. a4 Re8 16. a5 b5 17. Ne1 Ne4 18. Bf3 c6 19. Ne2 1/2-1/2